<?xml version="1.0" encoding="UTF-8"?>
<collection xmlns="http://www.loc.gov/MARC21/slim">
 <record>
  <leader>01165pam a22002658a 4500</leader>
  <controlfield tag="001">00028158</controlfield>
  <controlfield tag="005">20171026081022.0</controlfield>
  <controlfield tag="008">120220s2003                  ||||||Viesd</controlfield>
  <datafield tag="020" ind1=" " ind2=" ">
   <subfield code="c">18000</subfield>
  </datafield>
  <datafield tag="041" ind1="0" ind2="#">
   <subfield code="a">Vie</subfield>
  </datafield>
  <datafield tag="082" ind1="1" ind2="#">
   <subfield code="a">370.021</subfield>
   <subfield code="b">TH455K</subfield>
  </datafield>
  <datafield tag="100" ind1="0" ind2="#">
   <subfield code="a">Dương, Thiệu Tống</subfield>
  </datafield>
  <datafield tag="245" ind1="0" ind2="0">
   <subfield code="p">Thống kê suy diễn</subfield>
   <subfield code="n">T.2</subfield>
   <subfield code="a">Thống kê ứng dụng trong nghiên cứu giáo dục</subfield>
   <subfield code="c">Dương Thiệu Tống</subfield>
  </datafield>
  <datafield tag="260" ind1="#" ind2="#">
   <subfield code="a">Hà Nội</subfield>
   <subfield code="b">Đại học Quốc gia Hả Nội</subfield>
   <subfield code="c">2003</subfield>
  </datafield>
  <datafield tag="300" ind1="#" ind2="#">
   <subfield code="a">222tr.</subfield>
   <subfield code="c">21cm.</subfield>
  </datafield>
  <datafield tag="504" ind1="#" ind2="#">
   <subfield code="a">Thư mục: tr. 221-222</subfield>
  </datafield>
  <datafield tag="653" ind1="#" ind2="#">
   <subfield code="a">Giáo dục</subfield>
  </datafield>
  <datafield tag="653" ind1="#" ind2="#">
   <subfield code="a">Thống kê suy diễn</subfield>
  </datafield>
  <datafield tag="653" ind1="#" ind2="#">
   <subfield code="a">Thống kê ứng dụng</subfield>
  </datafield>
  <datafield tag="653" ind1="#" ind2="#">
   <subfield code="a">Toán học</subfield>
  </datafield>
  <datafield tag="852" ind1="#" ind2="#">
   <subfield code="b">Kho mượn</subfield>
   <subfield code="j">KM.0012774, KM.0012775, KM.0012776, KM.0012777, KM.0012778, KM.0012779, KM.0012780, KM.0012781, KM.0012773, KM.0012782</subfield>
  </datafield>
  <datafield tag="852" ind1="#" ind2="#">
   <subfield code="b">Kho đọc</subfield>
   <subfield code="j">KD.0012533</subfield>
  </datafield>
  <datafield tag="852" ind1="#" ind2="#">
   <subfield code="j">KM.0012781</subfield>
   <subfield code="j">KM.0012773</subfield>
   <subfield code="j">KM.0012775</subfield>
   <subfield code="j">KM.0012774</subfield>
   <subfield code="j">KM.0012777</subfield>
   <subfield code="j">KM.0012778</subfield>
   <subfield code="j">KM.0012779</subfield>
   <subfield code="j">KM.0012780</subfield>
   <subfield code="j">KD.0012533</subfield>
   <subfield code="j">KM.0012776</subfield>
   <subfield code="j">KM.0012782</subfield>
  </datafield>
  <datafield tag="910" ind1="#" ind2="#">
   <subfield code="a">Phục</subfield>
   <subfield code="d">20/02/2012</subfield>
  </datafield>
  <datafield tag="980" ind1="#" ind2="#">
   <subfield code="a">Trung tâm Học liệu Lê Vũ Hùng, Trường Đại học Đồng Tháp</subfield>
  </datafield>
 </record>
</collection>
